| 000 | 00692nam a2200193Ia 4500 | ||
|---|---|---|---|
| 003 | GCL | ||
| 008 | 140319s9999 xx 000 0 ara d | ||
| 040 |
_aGCL / _cGCL |
||
| 082 | 0 | 4 |
_a919.09 _bع ت |
| 100 | 1 | _aعبدالفتاح امام حزين | |
| 245 | 1 | 0 |
_aتحليل النمو العمرانى ومعطيات البيئة لمدينة عربية (نموذج مدينة الزقازيق) / _cعبدالفتاح امام حزين |
| 260 |
_a[S.N] : _bمعهد البحوث والدراسات العربية ، _c1987 |
||
| 300 | _a128 ص | ||
| 490 | _a | ||
| 650 | 0 | 4 | _aالسكان |
| 650 | 0 | 4 | _aالجغرافيا البشرية |
| 650 | 0 | 4 | _aالزقازيق |
| 942 |
_2ddc _cBK |
||
| 999 |
_c30978 _d30978 |
||